1252 1300 1444 1934 1292 1120 1443 1656 1707 1257 1739 1883 1895 1577 1657 1935 1514 1622 1832 1401 1456 1871 1508 1555 1933 1650 1423 1299 1971 1376 1229 1536 1545 1701 1714 1500 1624 1069 1898 1347 1437 1502 1529 1179 1677 1125 1866 1650 1820 1788 1453 1705 1659 1209 1399 1386 1552 1697 1690 1580 1432 1274 1367 1709 1274 1721 1785 1804 1199 2000 1568 1434 1275 1201 1007 1332 1486 1738 1530 1039 1945 1531 1186 1173 1347 1984 1559 1036 1549 1799 1018 1997 1738 1357 1182 1071 1158 1856 1937 BCNSPRNW ULIB Ver.6.0+V

เปลี่ยนเป็นภาษาไทย

Change to English
 แสดงรายละเอียดบรรณานุกรม
  กลับหน้าหลัก

Brief Record : Get Marc (ISO 2709) : E-mail record : QR code < ปิดหน้าต่าง
LEADER : 00000nam 2200000uu 4500
001    13399107941
003     ULIB
008    110210s2548||||th 000 0 tha d
020    9742937915 (ล.2)
060 04 WY157^bก496ก ล.2 2548
110 1  กระทรวงสาธารณสุข. ^bสถาบันพระบรมราชชนก.^bโครงการสวัสดิการวิชาการ
245 00 การพยาบาลสูติศาสตร์ เล่ม2 /^cบรรณาธิการ, วรรณรัตน์ จงเจริญยานนท์
250    พิมพ์ครั้งที่ 4
260    นนทบุรี :^bโครงการสวัสดิการวิชาการ สถาบันพระบรมราชชนกกระทรวงสาธารณสุข,^c2548
300     213 หน้า:^bภาพประกอบ ;^c26 ซม.
650  7 การพยาบาลสูติศาสตร์
700 0  วรรณรัตน์ จงเจริญยานนท์,^eบรรณาธิการ
710 2  กระทรวงสาธารณสุข. ^bสถาบันพระบรมราชชนก.^bโครงการสวัสดิการวิชาการ
945    ^p170^l0^i018730
945    ^p170^l0^i018728
945    ^p170^l0^i018727
945    ^p170^l0^i018729
945    ^p170^l0^i018726
945    ^p170^l0^i017456
945    ^p170^l0^i017457
995    ทศพร
999 ^a ใช้งานได้ทุกระบบ
รายการนี้ยังไม่มีแท็ก
คุณยังไม่ได้ล็อกอิน คุณสามารถมีกิจกรรมร่วมกับเว็บไซต์ได้ แต่ต้องล็อกอินก่อน ::
  ล็อกอิน

รายการสื่อสารสนเทศ

ลำดับที่ ประเภท เลขเรียก/บาร์โค้ด สถานที่ สถานะ
- ไม่พบข้อมูล -

รายการใกล้เคียง
    หัวเรื่อง [การพยาบาลสูติศาสตร์]

BibComment


ยังไม่เคยถูกคอมเมนท์

คอมเมนท์ทรัพยากรรายการนี้
  คอมเมนท์: การพยาบาลสูติศาสต..


 Copyright 2026. Bcnsprnw @Library